000 00618nam a2200229Ia 4500
005 20250508164135.0
008 008 250505s9999 xx 000 0 eng d
020 _a1-4051-2459-8
037 _aTextual
040 _aFEDL
_beng
_cFEDL
041 _aeng
_2eng
084 _a414, LAD
_qFEDL
100 _aLadefoged Peter
245 0 _aVowels and consonants : An introducation to the sounds of languages
250 _a2
260 _aOxford, UK
_bBlackwell
_c2001
300 _axii,206p.
365 _aGBP
_b19.99
650 _aPhonetics
942 _cTEXL
_h414, LAD
999 _c1387274
_d1387274